reezy - TIGER Lyrics - Statistiken

Allgemein
  • Dieses Quiz wurde 63 mal gespielt
  • Das Durchschnittsergebnis liegt bei 270 aus 465
Antwortstatistiken
Hint Antwort % Korrekt
sie
100%
Sie
100%
ist
92%
Adlips hah
89%
Part 1 Ich
86%
ich
86%
ích
86%
ein´n
81%
´ne
81%
ein
78%
es
78%
wie
78%
den
76%
die
76%
doch
76%
Das
73%
das
73%
hab
73%
hab´
73%
vier
73%
zu
73%
ihr
70%
Ihr
70%
Tiger
70%
der
68%
er
68%
in
68%
mir
68%
sag
68%
hier
65%
hat
65%
hier
65%
mittlerweile
65%
nie
65%
Schmetterling
65%
Tür
65%
wahr
65%
wär
65%
war
65%
getokkert
62%
Latina
62%
nicht
62%
Adlips Shit
62%
und
62%
Butt
59%
für
59%
Jogger
59%
Intro Los
59%
noch
59%
nur
59%
sagt
59%
so
59%
Tier
59%
wieder
59%
dann
57%
geht´s
57%
mein
57%
mein´n
57%
mich
57%
Nein
57%
schlüpft
57%
Ab
54%
ab
54%
Daddy
54%
Denn
54%
fahr
54%
frag
54%
kam
54%
Kippen
54%
liebe
54%
Liebe
54%
mehr
54%
passiert
54%
Persian
54%
ruhig
54%
Schlaf
54%
Weg
54%
Wenn
54%
wenn
54%
All
51%
Als
51%
auf
51%
diese
51%
Diese
51%
hol´n
51%
holn´n
51%
meine
51%
Normalerweise
51%
Streifen
51%
Wir
51%
wir
51%
auch
49%
kein
49%
kennen
49%
Hook Nimm
49%
nimm
49%
raucht
49%
Shisha
49%
Spieler
49%
weiß
49%
wohin
49%
an
46%
An
46%
hätte
46%
kann
46%
liegen
46%
mach´
46%
mein´n
46%
sich
46%
Augen
43%
aus
43%
dir
43%
einen
43%
Erzfeind
43%
Part 3 Feelings
43%
führt
43%
oder
43%
schwer
43%
sein
43%
sind
43%
Spliff
43%
uns
43%
wird
43%
Wissenschaft
43%
bis
41%
catchen
41%
ernst
41%
Interesse
41%
lang
41%
Lilanen
41%
´nem
41%
nimmt
41%
studiert
41%
trau´n
41%
trinkt
41%
viele
41%
was
41%
zieht
41%
dabei
38%
dass
38%
dein
38%
deiner
38%
frage
38%
Gefühle
38%
keine
38%
Liga
38%
morgen
38%
Nächte
38%
ob
38%
Pics
38%
Sonne
38%
spielen
38%
Spielerinn´n
38%
T-shirt
38%
T-Shirt
38%
von
38%
vor
38%
yeah
38%
Bridge Yeah
38%
allein
35%
alles
35%
Arbeit
35%
du
35%
erwische
35%
geh´n
35%
haben
35%
Herz
35%
high
35%
immer
35%
Kiba
35%
komm´
35%
Könnt
35%
les´
35%
lösch´
35%
müde
35%
sorgen
35%
spür
35%
unsrem
35%
Verlauf
35%
versteck
35%
verstecken
35%
weniger
35%
bin
32%
bisschen
32%
dafür
32%
dem
32%
dich
32%
down
32%
fragt
32%
Liedern
32%
scheint
32%
schwöre
32%
will
32%
Calls
30%
ohne
30%
schreib´
30%
Spaß
30%
unsre
30%
Weed
30%
Zeil´n
30%
aber
27%
diesen
27%
Eifersucht
27%
Emotionen
27%
Hast
27%
jetzt
27%
Make-up
27%
Ort
27%
überfällt
27%
unmaskiert
27%
zwischen
27%
kommt
24%
Optionen
24%
runterkommen
24%
Deswegen
19%
gibt´s
19%
Keine übereinstimmenden Quizze gefunden
Verteilung der Resultate
Anzahl Personen mit jedem Resultat
Perzentil nach korrekt beantworteten Fragen
Ihre Resultats-Entwicklung
Sie haben dieses Quiz noch nicht gespielt